[Event "Gibraltar Amateur op-A"]
[Site "Caleta"]
[Date "2019.01.23"]
[Round "3"]
[White "Neumanova, Monika"]
[Black "Naldrett, Geoffrey William"]
[Result "1-0"]
[WhiteElo "1711"]
[BlackElo "1557"]
[PlyCount "120"]
[EventDate "2019.01.21"]
[EventType "swiss"]
[EventRounds "5"]
[EventCountry "GGB"]
[SourceTitle "CBM 188 Extra"]
[Source "ChessBase"]
[SourceDate "2019.02.26"]
[SourceVersion "1"]
[SourceVersionDate "2019.02.26"]
[SourceQuality "1"]

1. d4 Nf6 2. c4 g6 3. Nc3 d5 4. cxd5 Nxd5 5. e4 Nxc3 6. bxc3 c5 7. Nf3 Bg7 8. Be2 0-0 9. 0-0 Bg4 10. Be3 cxd4 11. cxd4 Nc6 12. e5 e6 13. h3 Bf5 14. Rc1 Be4 15. Qa4 Rc8 16. Rfd1 Qa5 17. Qb3 Bd5 18. Bc4 Bxc4 19. Rxc4 Qd5 20. Qd3 Rfd8 21. Qe2 Nxe5 22. Nxe5 Bxe5 23. Rxc8 Rxc8 24. dxe5 Qxe5 25. Qf3 b6 26. Bd4 Qf5 27. Qb7 Qc2 28. Ra1 Qc7 29. Qf3 Qe7 30. Bf6 Qc7 31. Qg4 Qc5 32. Rd1 Qf5 33. Qd4 Qd5 34. Qa4 Qa8 35. Rd7 Qb8 36. Bg5 Qe5 37. Be3 Qa1+ 38. Kh2 Qe5+ 39. g3 h5 40. Rxa7 h4 41. Qxh4 Qh5 42. Qxh5 gxh5 43. Bxb6 Kg7 44. Bd4+ Kg6 45. h4 Rd8 46. Be3 f6 47. a4 e5 48. a5 f5 49. Ra6+ Kf7 50. Rh6 Ra8 51. Bb6 e4 52. Rxh5 Kg6 53. Rg5+ Kf6 54. Bd4+ Ke6 55. Rg6+ Kd5 56. Bb6 Ke5 57. h5 f4 58. Bc7+ Kf5 59. Bxf4 Rxa5 60. Rg5+ Ke6 1-0

[Event "Gibraltar Amateur op-A"]
[Site "Caleta"]
[Date "2019.01.21"]
[Round "1"]
[White "Neumanova, Monika"]
[Black "Arias Diaz, Javier Alonso"]
[Result "0-1"]
[WhiteElo "1711"]
[BlackElo "1093"]
[PlyCount "41"]
[EventDate "2019.01.21"]
[EventType "swiss"]
[EventRounds "5"]
[EventCountry "GGB"]
[SourceTitle "CBM 188 Extra"]
[Source "ChessBase"]
[SourceDate "2019.02.26"]
[SourceVersion "1"]
[SourceVersionDate "2019.02.26"]
[SourceQuality "1"]

1. d4 Nf6 2. c4 g6 3. Nc3 Bg7 4. e4 d6 5. f3 0-0 6. Be3 c6 7. Bd3 Nbd7 8. Nge2 a6 9. a4 a5 10. 0-0 e5 11. d5 cxd5 12. cxd5 Qc7 13. Rc1 Qd8 14. Nb5 Nb6 15. b3 Ne8 16. Qd2 Bd7 17. Nec3 Rc8 18. Qf2 Qf6 19. Bxb6 Ra8 20. Qd2 Qh4 21. Ne2 0-1

[Event "Gibraltar Masters 15th"]
[Site "Caleta"]
[Date "2017.02.01"]
[Round "9"]
[White "Miracola, Giorgia"]
[Black "Neumanova, Monika"]
[Result "1-0"]
[WhiteElo "1924"]
[BlackElo "1707"]
[PlyCount "35"]
[EventDate "2017.01.24"]
[EventType "swiss"]
[EventRounds "10"]
[EventCountry "GGB"]
[SourceTitle "CBM 177"]
[Source "ChessBase"]
[SourceDate "2017.03.16"]
[SourceVersion "1"]
[SourceVersionDate "2017.03.16"]
[SourceQuality "1"]

1. e4 c5 2. Nf3 Nc6 3. d4 cxd4 4. Nxd4 e6 5. Nc3 a6 6. Be3 Nf6 7. Bd3 Be7 8. Nxc6 bxc6 9. e5 Nd5 10. Nxd5 cxd5 11. Qg4 Bf8 12. 0-0 d6 13. exd6 Qxd6 14. c4 e5 15. Bf5 Bxf5 16. Qxf5 d4 17. Bxd4 exd4 18. Qe4+ 1-0

[Event "Gibraltar Masters 12th"]
[Site "Caleta"]
[Date "2014.02.01"]
[Round "5"]
[White "Spanton, Timothy"]
[Black "Neumanova, Monika"]
[Result "1-0"]
[WhiteElo "1995"]
[BlackElo "1719"]
[PlyCount "81"]
[EventDate "2014.01.28"]
[EventType "swiss"]
[EventRounds "10"]
[EventCountry "GGB"]
[SourceTitle "CBM 159"]
[Source "ChessBase"]
[SourceDate "2014.03.17"]
[SourceVersion "1"]
[SourceVersionDate "2014.03.17"]
[SourceQuality "1"]

1. d4 Nf6 2. Nf3 e6 3. Bf4 d5 4. e3 c5 5. c3 Nc6 6. Bd3 Be7 7. Nbd2 0-0 8. 0-0 Nh5 9. Ne5 Nxf4 10. exf4 cxd4 11. Nxc6 bxc6 12. cxd4 Qb6 13. Nb3 Rb8 14. Qd2 Bb4 15. Qc2 h6 16. Rfc1 Bd7 17. Rab1 Be7 18. Nc5 Rfd8 19. b4 Be8 20. a4 a5 21. bxa5 Qxa5 22. Nb7 Qa7 23. Nxd8 Rxd8 24. Qb3 Bf6 25. Rc2 Qxd4 26. g3 Ra8 27. Ra2 e5 28. fxe5 Bxe5 29. Bf1 Ra7 30. Re1 Bd7 31. a5 Bc7 32. a6 c5 33. Ree2 c4 34. Qe3 Qxe3 35. fxe3 Bd6 36. Red2 Be6 37. Bg2 Rd7 38. a7 Rxa7 39. Rxa7 Bc5 40. Ra8+ Kh7 41. Kf2 1-0

[Event "Gibraltar Masters 12th"]
[Site "Caleta"]
[Date "2014.01.31"]
[Round "4"]
[White "Neumanova, Monika"]
[Black "Baert, Andy"]
[Result "0-1"]
[WhiteElo "1719"]
[BlackElo "2104"]
[PlyCount "46"]
[EventDate "2014.01.28"]
[EventType "swiss"]
[EventRounds "10"]
[EventCountry "GGB"]
[SourceTitle "CBM 159"]
[Source "ChessBase"]
[SourceDate "2014.03.17"]
[SourceVersion "1"]
[SourceVersionDate "2014.03.17"]
[SourceQuality "1"]

1. d4 Nf6 2. c4 e6 3. Nc3 Bb4 4. f3 c5 5. d5 b5 6. e4 0-0 7. e5 Ne8 8. f4 d6 9. Nf3 exd5 10. Qxd5 Qc7 11. cxb5 Bb7 12. Qd1 dxe5 13. Nxe5 Nf6 14. a3 Bxc3+ 15. bxc3 Nbd7 16. Nxd7 Nxd7 17. Kf2 Nf6 18. c4 Rad8 19. Qc2 Rfe8 20. Be2 Ne4+ 21. Kf1 Qe7 22. Kg1 Nd2 23. Bxd2 Qxe2 0-1

[Event "Gibraltar Masters 11th"]
[Site "Caleta"]
[Date "2013.01.27"]
[Round "6"]
[White "Neumanova, Monika"]
[Black "Othman, Mustapha"]
[Result "0-1"]
[WhiteElo "1701"]
[BlackElo "1878"]
[PlyCount "50"]
[EventDate "2013.01.22"]
[EventType "swiss"]
[EventRounds "10"]
[EventCountry "GGB"]
[SourceTitle "CBM 153"]
[Source "ChessBase"]
[SourceDate "2013.03.14"]
[SourceVersion "1"]
[SourceVersionDate "2013.03.14"]
[SourceQuality "1"]

1. d4 d5 2. c4 e6 3. Nc3 Nf6 4. Bg5 Be7 5. e3 0-0 6. Nf3 h6 7. Bh4 c5 8. dxc5 Bxc5 9. cxd5 exd5 10. Bxf6 Qxf6 11. Qxd5 Bb6 12. Be2 Nc6 13. 0-0 Re8 14. Rac1 Be6 15. Qb5 Rad8 16. Rfd1 g5 17. Nd5 Bxd5 18. Rxd5 Rxd5 19. Qxd5 Qxb2 20. Qc4 Nb4 21. Ne1 Rxe3 22. Kf1 Nd3 23. Bxd3 Rf3 24. Bh7+ Kg7 25. Nd3 Rxf2+ 0-1

[Event "Gibraltar Masters 11th"]
[Site "Caleta"]
[Date "2013.01.25"]
[Round "4"]
[White "Byrn, Carsten"]
[Black "Neumanova, Monika"]
[Result "1-0"]
[WhiteElo "2114"]
[BlackElo "1701"]
[PlyCount "49"]
[EventDate "2013.01.22"]
[EventType "swiss"]
[EventRounds "10"]
[EventCountry "GGB"]
[SourceTitle "CBM 153"]
[Source "ChessBase"]
[SourceDate "2013.03.14"]
[SourceVersion "1"]
[SourceVersionDate "2013.03.14"]
[SourceQuality "1"]

1. d4 Nf6 2. c4 e6 3. Nc3 d5 4. Nf3 Be7 5. Bf4 0-0 6. e3 c6 7. c5 b6 8. b4 Nbd7 9. h3 Bb7 10. Bd3 a5 11. a3 Re8 12. 0-0 Qc8 13. Qb3 Ba6 14. Bxa6 Rxa6 15. Rfc1 axb4 16. axb4 Rxa1 17. Rxa1 Qb7 18. Qa3 bxc5 19. bxc5 Rc8 20. g4 h6 21. Kg2 Bf8 22. Rb1 Qa8 23. Qb2 g5 24. Bg3 Bg7 25. Ra1 1-0

[Event "Gibraltar Masters 10th"]
[Site "Caleta"]
[Date "2012.02.01"]
[Round "9"]
[White "Puroila, Sippo"]
[Black "Neumanova, Monika"]
[Result "0-1"]
[WhiteElo "1906"]
[BlackElo "1696"]
[PlyCount "50"]
[EventDate "2012.01.24"]
[EventType "swiss"]
[EventRounds "10"]
[EventCountry "GGB"]
[SourceTitle "CBM 147"]
[Source "ChessBase"]
[SourceDate "2012.03.16"]
[SourceVersion "1"]
[SourceVersionDate "2012.03.16"]
[SourceQuality "1"]

1. e4 c5 2. f4 e6 3. Nf3 d6 4. c3 Nf6 5. Bd3 Be7 6. Bc2 0-0 7. d4 cxd4 8. cxd4 d5 9. e5 Ne8 10. 0-0 f6 11. Qd3 g6 12. exf6 Bxf6 13. Nc3 Nc6 14. a3 Nd6 15. Ne5 Nf5 16. Ne2 Qb6 17. Nxc6 bxc6 18. g4 Ba6 19. Qd1 Nxd4 20. Be3 Nxe2+ 21. Kh1 Qxe3 22. Ra2 Nd4 23. Qa1 Nxc2 24. Rb1 Qf3+ 25. Kg1 Bd4# 0-1

[Event "Gibraltar Masters 10th"]
[Site "Caleta"]
[Date "2012.01.26"]
[Round "3"]
[White "Neumanova, Monika"]
[Black "Obiamiwe, Paul"]
[Result "0-1"]
[WhiteElo "1696"]
[BlackElo "1982"]
[PlyCount "100"]
[EventDate "2012.01.24"]
[EventType "swiss"]
[EventRounds "10"]
[EventCountry "GGB"]
[SourceTitle "CBM 147"]
[Source "ChessBase"]
[SourceDate "2012.03.16"]
[SourceVersion "1"]
[SourceVersionDate "2012.03.16"]
[SourceQuality "1"]

1. d4 Nf6 2. c4 g6 3. Nc3 Bg7 4. e4 0-0 5. f3 d6 6. Be3 c5 7. dxc5 dxc5 8. Qxd8 Rxd8 9. Bxc5 Nc6 10. Ba3 a5 11. Rd1 Be6 12. Nd5 Bxd5 13. cxd5 Nb4 14. Bxb4 axb4 15. Bc4 Nd7 16. Rd2 Nb6 17. Bb3 Na4 18. Ne2 Nxb2 19. 0-0 Rdc8 20. Rc1 Rxc1+ 21. Nxc1 Bc3 22. Rc2 b5 23. Kf1 Nc4 24. Bxc4 bxc4 25. Ne2 b3 26. axb3 cxb3 27. Rxc3 b2 28. Rb3 Ra1+ 29. Kf2 b1Q 30. Rxb1 Rxb1 31. Nd4 Kf8 32. Nc6 Ke8 33. Ne5 Rc1 34. Kg3 f6 35. Ng4 h5 36. Ne3 Rc3 37. Kf2 Kd7 38. h4 Kd6 39. Nd1 Rc2+ 40. Kg3 Ke5 41. Nf2 Rc3 42. Nh3 Rc8 43. Nf4 Rg8 44. Nd3+ Kd4 45. Nf4 Ke3 46. Nh3 g5 47. hxg5 fxg5 48. Kh2 g4 49. Ng1 Kf2 50. g3 Ra8 0-1

[Event "Gibraltar Masters 10th"]
[Site "Caleta"]
[Date "2012.01.25"]
[Round "2"]
[White "Jameson, David"]
[Black "Neumanova, Monika"]
[Result "1-0"]
[WhiteElo "2077"]
[BlackElo "1696"]
[PlyCount "119"]
[EventDate "2012.01.24"]
[EventType "swiss"]
[EventRounds "10"]
[EventCountry "GGB"]
[SourceTitle "CBM 147"]
[Source "ChessBase"]
[SourceDate "2012.03.16"]
[SourceVersion "1"]
[SourceVersionDate "2012.03.16"]
[SourceQuality "1"]

1. c4 c5 2. Nf3 Nc6 3. Nc3 e6 4. e4 d6 5. d4 cxd4 6. Nxd4 a6 7. Be2 Nf6 8. 0-0 Be7 9. Nc2 0-0 10. Kh1 Re8 11. f4 Bf8 12. Bf3 Qc7 13. Qe1 Rb8 14. Be2 b6 15. Be3 Bb7 16. Qf2 Ba8 17. Bd3 Ne7 18. Rac1 d5 19. cxd5 exd5 20. Nb4 dxe4 21. Nxa6 Qb7 22. Bb5 Ng4 23. Qe2 Nf5 24. Nd1 Ngxe3 25. Nxe3 Nd4 26. Qc4 Nxb5 27. Qxb5 Rbc8 28. Nc7 Red8 29. Nxa8 Rxa8 30. a3 Ra5 31. Qb3 Rd3 32. Rc3 Rxc3 33. Qxc3 Rc5 34. Qd2 Rc8 35. f5 b5 36. f6 g6 37. b4 Bh6 38. Qd4 Qa8 39. Nd5 Rd8 40. Ne7+ Kh8 41. Qb6 e3 42. Qxb5 Rd2 43. Nc6 Rc2 44. Rd1 e2 45. Re1 Rc1 46. Rxc1 Bxc1 47. Qxe2 Qxc6 48. Qe7 Qc8 49. Qxf7 Bh6 50. h4 Qf8 51. Qe7 Kg8 52. Qe6+ Qf7 53. Qc6 Be3 54. Qc8+ Qf8 55. Qe6+ Qf7 56. Qxe3 Qxf6 57. g3 Qa1+ 58. Kg2 Qa2+ 59. Kh3 Qa1 60. Qb3+ 1-0

[Event "Gibraltar Masters 9th"]
[Site "Caleta"]
[Date "2011.01.27"]
[Round "3"]
[White "Byron, Alan M"]
[Black "Neumanova, Monika"]
[Result "1-0"]
[WhiteElo "2192"]
[BlackElo "1712"]
[PlyCount "49"]
[EventDate "2011.01.25"]
[EventType "swiss"]
[EventRounds "10"]
[EventCountry "GGB"]
[SourceTitle "CBM 141"]
[Source "ChessBase"]
[SourceDate "2011.03.17"]
[SourceVersion "1"]
[SourceVersionDate "2011.03.17"]
[SourceQuality "1"]

1. d4 Nf6 2. Nf3 e6 3. c4 d5 4. Nc3 c5 5. cxd5 Nxd5 6. e4 Nxc3 7. bxc3 a6 8. Be2 Be7 9. 0-0 0-0 10. Bf4 b5 11. d5 exd5 12. exd5 Bd6 13. Bg5 f6 14. Be3 c4 15. Nd4 Re8 16. Bf3 Nd7 17. a4 b4 18. Nc6 Qc7 19. cxb4 Bxh2+ 20. Kh1 Bd6 21. Qc2 Ne5 22. Nxe5 fxe5 23. Be4 h6 24. Rfc1 Bxb4 25. d6 1-0

[Event "CZE-chT1W 0607"]
[Site "Czech Republic"]
[Date "2007.01.21"]
[Round "6.8"]
[White "Neumanova, Monika"]
[Black "Volfl, Zdenek"]
[Result "0-1"]
[WhiteElo "1715"]
[BlackElo "2239"]
[PlyCount "56"]
[EventDate "2006.10.29"]
[EventType "team"]
[EventRounds "11"]
[EventCountry "CZE"]
[SourceTitle "EXT 2009"]
[Source "ChessBase"]
[SourceDate "2008.11.26"]
[SourceVersion "1"]
[SourceVersionDate "2008.11.26"]
[SourceQuality "1"]
[WhiteTeam "Chrudim"]
[BlackTeam "Novoborsky"]
[WhiteTeamCountry "CZE"]
[BlackTeamCountry "CZE"]

1. d4 Nf6 2. c4 e6 3. Nc3 Bb4 4. Qc2 0-0 5. a3 Bxc3+ 6. Qxc3 b6 7. Bg5 Bb7 8. f3 h6 9. Bh4 d5 10. e3 Nbd7 11. Bd3 c5 12. Ne2 Rc8 13. cxd5 cxd4 14. Qxd4 e5 15. Qa4 Nc5 16. Qd1 Bxd5 17. Bf5 Bb3 18. Qb1 Rc6 19. 0-0 Qd2 20. Re1 Qxe3+ 21. Bf2 Qd2 22. Nc3 Re8 23. Re2 Qd8 24. Qe1 g6 25. Bb1 Rce6 26. Bg3 Nh5 27. Bxe5 Rxe5 28. Rxe5 Qd4+ 0-1

[Event "Prague ProMoPro op"]
[Site "Prague"]
[Date "2005.09.19"]
[Round "5"]
[White "Neumanova, Monika"]
[Black "Rakous, Pavel"]
[Result "0-1"]
[WhiteElo "1698"]
[BlackElo "2040"]
[PlyCount "52"]
[EventDate "2005.09.15"]
[EventType "swiss"]
[EventRounds "9"]
[EventCountry "CZE"]
[SourceTitle "CBM 108 Extra"]
[Source "ChessBase"]
[SourceDate "2005.11.04"]
[SourceVersion "1"]
[SourceVersionDate "2005.11.04"]
[SourceQuality "1"]

1. d4 Nf6 2. c4 c5 3. d5 e6 4. Nc3 exd5 5. cxd5 d6 6. e4 g6 7. Bd3 Bg7 8. Nf3 0-0 9. 0-0 a6 10. a4 Bg4 11. h3 Bxf3 12. Qxf3 Nbd7 13. Qd1 Re8 14. Bf4 Qc7 15. Rb1 c4 16. Bc2 Nc5 17. Re1 Nfd7 18. Na2 Ne5 19. Nc1 b5 20. b3 bxa4 21. bxa4 Rab8 22. Bxe5 Bxe5 23. Re2 Qa5 24. Rxb8 Rxb8 25. Re3 Rb2 26. Ra3 Rxc2 0-1

[Event "Brno op"]
[Site "Brno"]
[Date "2005.07.05"]
[Round "4"]
[White "Kuchynka, Lukas"]
[Black "Neumanova, Monika"]
[Result "1-0"]
[WhiteElo "2021"]
[BlackElo "1712"]
[PlyCount "23"]
[EventDate "2005.07.02"]
[EventType "swiss"]
[EventRounds "7"]
[EventCountry "CZE"]
[SourceTitle "EXT 2006"]
[Source "ChessBase"]
[SourceDate "2005.11.24"]
[SourceVersion "1"]
[SourceVersionDate "2005.11.24"]
[SourceQuality "1"]

1. e4 c5 2. Nf3 Nc6 3. d4 cxd4 4. Nxd4 Nf6 5. Nc3 e5 6. Ndb5 d6 7. Bg5 a6 8. Na3 b5 9. Bxf6 gxf6 10. Nd5 f5 11. c3 fxe4 12. Bxb5 1-0

[Event "Litomysl op"]
[Site "Litomysl"]
[Date "2004.12.27"]
[Round "2"]
[White "Neumanova, Monika"]
[Black "Amberger, Dieter"]
[Result "0-1"]
[WhiteElo "1710"]
[BlackElo "2100"]
[PlyCount "60"]
[EventDate "2004.12.26"]
[EventType "swiss"]
[EventRounds "9"]
[EventCountry "CZE"]
[SourceTitle "CBM 104 Extra"]
[Source "ChessBase"]
[SourceDate "2005.03.01"]
[SourceVersion "1"]
[SourceVersionDate "2005.03.01"]
[SourceQuality "1"]

1. d4 c5 2. d5 e6 3. c4 Nf6 4. Nc3 d6 5. e4 g6 6. Bd3 Bg7 7. h3 0-0 8. Be3 Re8 9. Nge2 Na6 10. a3 Nc7 11. 0-0 Rb8 12. Bf4 exd5 13. cxd5 b5 14. f3 a5 15. Qd2 Ba6 16. Nd1 Na8 17. Ne3 Qb6 18. Kh1 Nc7 19. Rab1 Nh5 20. Bh2 Bh6 21. g4 c4 22. Nxc4 bxc4 23. Qxh6 cxd3 24. Bg1 dxe2 25. Bxb6 exf1Q+ 26. Rxf1 Ng3+ 27. Kg1 Rxb6 28. Rf2 Ne2+ 29. Kg2 Rxb2 30. Qe3 Nd4 0-1

[Event "Plzen op-C 9th"]
[Site "Plzen"]
[Date "2003.??.??"]
[Round "9"]
[White "Hruby, Vaclav"]
[Black "Neumanova, Monika"]
[Result "1-0"]
[WhiteElo "1874"]
[BlackElo "1346"]
[PlyCount "27"]
[EventDate "2003.08.??"]
[EventType "swiss"]
[EventRounds "9"]
[EventCountry "CZE"]
[SourceTitle "EXT 2005"]
[Source "ChessBase"]
[SourceDate "2004.11.15"]
[SourceVersion "1"]
[SourceVersionDate "2004.11.15"]
[SourceQuality "1"]

1. Nf3 f5 2. d4 Nf6 3. g3 g6 4. Bg2 Bg7 5. 0-0 0-0 6. c4 d6 7. Nc3 Nc6 8. Re1 e5 9. dxe5 dxe5 10. Bg5 h6 11. Qxd8 Nxd8 12. Bxf6 e4 13. Bxg7 Kxg7 14. Nd4 1-0